000 00402 a2200133 4500
020 _a041924610X (alk. paper)
082 _a624.175 HOL
100 _aHolmes, John D.,
245 _aWind loading of structures /
_cJohn D. Holmes.
260 _aLondon ;
_aNew York :
_bSpon Press,
_c2001.
300 _aviii, 356 p. :
_bill. ;
_c25 cm.
650 _aWind-pressure.
650 _aStructural dynamics.
650 _aBuildings
_xAerodynamics.
999 _c1271
_d1271